5-Star Books Quiz Stats

 Plays Quiz Updated Feb 1, 2019

Support Sporcle.
Go Orange.
Score 0/50 Timer 07:00
3 Plays Today
% Correct
The Shining
92.4%
Green Eggs and Ham
92.1%
A Christmas Carol
92.1%
Pride and Prejudice
91.9%
A Tale of Two Cities
91.6%
The Cat in the Hat
91.5%
Sense and Sensibility
90.7%
How the Grinch Stole Christmas
90.3%
The Da Vinci Code
89.9%
Carrie
89.7%
Angels & Demons
89.6%
Oliver Twist
89.2%
Great Expectations
88.5%
Charlie and the Chocolate Factory
88.2%
James and the Giant Peach
87.4%
David Copperfield
87.2%
The Lorax
86.9%
Emma
86.7%
Pet Sematary
83%
Matilda
81.4%
Fantastic Mr Fox
80.7%
The Pelican Brief
79.3%
Oh, the Places You'll Go!
79%
Slaughterhouse-Five
78.8%
The Lost Symbol
76.3%
% Correct
The Firm
75.9%
The Runaway Jury
75.5%
Mansfield Park
74.1%
Lolita
73.9%
Danny, the Champion of the World
71%
A Time to Kill
68.2%
Persuasion
65.9%
The Stand
64.6%
The Rainmaker
62.3%
No Country for Old Men
61.5%
Cat's Cradle
59.3%
The Road
58.4%
All the Pretty Horses
57.2%
Deception Point
55.8%
Digital Fortress
54.9%
Breakfast of Champions
51.6%
Blood Meridian
46.8%
Pnin
46.5%
The Running Man
41.2%
Invitation to a Beheading
39.1%
Speak, Memory
36.7%
Pale Fire
35.9%
Child of God
34.7%
The Sirens of Titan
32.8%
Galápagos
28.2%

From the Vault

Futurama: 300 Big Boys

by pandasteak

We've often wondered what would happen if we drank 100 cups of coffee. It certainly wouldn't be pretty.
Remove Ads.
Support Sporcle.
Get the best of Sporcle when you Go Orange. This ad-free experience offers more features, more stats, and more fun while also helping to support Sporcle. Thank you for becoming a member.

Show Comments

Extras

Top Quizzes Today


Score Distribution

Your Account Isn't Verified!

In order to create a playlist on Sporcle, you need to verify the email address you used during registration. Go to your Sporcle Settings to finish the process.

Report this User

Report this user for behavior that violates our Community Guidelines.

Details: